Départements Limitrophes de L'Ardèche - Statistiques

Statistiques générales
  • Ce quiz a été pris 81 fois
    62 depuis la dernière actualisation
  • Le résultat moyen est 7 sur 7
Statistiques - réponses
Départements % Correct
Drôme
100%
Gard
98%
Haute-Loire
96%
Loire
96%
Isère
94%
Lozère
91%
Vaucluse
85%
Aucun quiz correspondant
Distribution des résultats
% des personnes avec chaque résultat
Percentile par nombre de réponses
Votre historique - résultats
Vous n’avez pas pris ce quiz depuis la dernière actualisation